Juegue como hombre, gane como mujer : (Registro nro. 25004)
[ vista simple ]
| 000 -LEADER | |
|---|---|
| fixed length control field | 00876nam a2200229 a 4500 |
| 001 - CONTROL NUMBER | |
| control field | 000261048 |
| 005 - DATE AND TIME OF LATEST TRANSACTION | |
| control field | 20250331185256.0 |
| 006 - FIXED-LENGTH DATA ELEMENTS--ADDITIONAL MATERIAL CHARACTERISTICS | |
| fixed length control field | a 000 0 |
| 008 - FIXED-LENGTH DATA ELEMENTS--GENERAL INFORMATION | |
| fixed length control field | 020207s2000 gr 000 0dspa d |
| 020 ## - INTERNATIONAL STANDARD BOOK NUMBER | |
| International Standard Book Number | 958045941X |
| 040 ## - CATALOGING SOURCE | |
| Original cataloging agency | CO-CtgCURN |
| Language of cataloging | spa |
| Transcribing agency | coctgcurn |
| 082 04 - DEWEY DECIMAL CLASSIFICATION NUMBER | |
| Classification number | 658.409 |
| Item number | E924 |
| Edition information | 20 |
| 100 1# - MAIN ENTRY--PERSONAL NAME | |
| Personal name | Evans, Gail. |
| 245 10 - TITLE STATEMENT | |
| Title | Juegue como hombre, gane como mujer : |
| Remainder of title | secretos sobre el éxito que conocen los hombres y que las mujeres necesitan aprender / |
| Statement of responsibility, etc. | Gail Evans; tr. Magdalena Holguín. |
| 260 ## - PUBLICATION, DISTRIBUTION, ETC. | |
| Place of publication, distribution, etc. | Bogotá : |
| Name of publisher, distributor, etc. | Norma, |
| Date of publication, distribution, etc. | 2000. |
| 300 ## - PHYSICAL DESCRIPTION | |
| Extent | xxi, 199 p. |
| 534 ## - ORIGINAL VERSION NOTE | |
| Introductory phrase | Título original: |
| Title statement of original | Play like a man, win like a woman. |
| 650 17 - SUBJECT ADDED ENTRY--TOPICAL TERM | |
| Topical term or geographic name entry element | Predicción del éxito laboral. |
| Source of heading or term | LEMB |
| 650 17 - SUBJECT ADDED ENTRY--TOPICAL TERM | |
| Topical term or geographic name entry element | Exito |
| General subdivision | Estrategia y técnicas. |
| Source of heading or term | LEMB |
| 942 ## - ADDED ENTRY ELEMENTS (KOHA) | |
| Institution code [OBSOLETE] | MHC |
| -- | MHC |
| Koha item type | Libros |
| Classification part | 658.409 |
| Item part | E924 |
| Source of classification or shelving scheme | Dewey Decimal Classification |
| Withdrawn status | Lost status | Source of classification or shelving scheme | Damaged status | Not for loan | Collection | Home library | Current library | Shelving location | Date acquired | Inventory number | Total checkouts | Full call number | Barcode | Date last seen | Price effective from | Koha item type | Public note |
|---|---|---|---|---|---|---|---|---|---|---|---|---|---|---|---|---|---|
| Dewey Decimal Classification | General | Miguel Henríquez Castañeda | Miguel Henríquez Castañeda | General | 03/31/2025 | 024051 | 658.409 E924 | 024051 | 03/31/2025 | 03/31/2025 | Libros | 650-ADMINS |